The complete art of printing and enlarging /

Bibliographic Details
Main Author: Croy, Otto R., 1902-1977
Format: Book
Language:English
Published: Philadelphia : Chilton Book Co., [1969]
Edition:10th print., fully rev.
Subjects:

MARC

Tag First Indicator Second Indicator Subfields
LEADER 00000cam a2200000 4500
001 in00000093306
005 20150927070133.0
008 690723s1969 paua 00110 eng
010 |a  77004970  
035 |a (OCoLC)00018565 
035 |9 AAL5144AM 
037 |c 9.95 
040 |a DLC  |c DLC  |d TXA  |d UtOrBLW 
049 |a TXAM  |c [528172] 
050 0 0 |a TR330  |b .C7 1969 
082 0 |a 770.284 
100 1 |a Croy, Otto R.,  |d 1902-1977. 
245 1 4 |a The complete art of printing and enlarging /  |c by O. R. Croy. 
250 |a 10th print., fully rev. 
264 1 |a Philadelphia :  |b Chilton Book Co.,  |c [1969] 
300 |a 251 pages :  |b illustrations ;  |c 24 cm. 
336 |a text  |b txt  |2 rdacontent 
337 |a unmediated  |b n  |2 rdamedia 
338 |a volume  |b nc  |2 rdacarrier 
650 0 |a Photography  |x Printing processes. 
650 0 |a Photography  |x Enlarging. 
999 |a MARS 
999 f f |s 17526a7e-5c26-3f6e-8e0f-7ed3005d8347  |i 8608f289-64cc-3e1e-af98-5bc00e09506d  |t 0 
952 f f |p normal  |a Texas A&M University  |b College Station  |c Sterling C. Evans Library  |d Evans: Library Stacks  |t 0  |e TR330 .C7 1969  |h Library of Congress classification  |i unmediated -- volume  |m A14805626418 
998 f f |a TR330 .C7 1969  |t 0  |l Evans: Library Stacks